|
|
|
|
| LEADER |
00000nam a22000007a 4500 |
| 005 |
20201112222559.0 |
| 007 |
cr|||| |||| |
| 008 |
201112s2020 es |||||s|||| 00||0 spa d |
| 020 |
|
|
|a 978-84-1324-856-1
|
| 035 |
|
|
|a 32246
|
| 040 |
|
|
|a vLex
|
| 090 |
|
|
|c 10856
|d 10856
|
| 100 |
1 |
|
|a Gonzl̀ez Clapham, Jos ̌Antonio
|
| 245 |
1 |
3 |
|a Las provincias de ultramar en la prensa jurd̕ica espaǫla
|h [Recurso electrn̤ico] /
|c Jos ̌Antonio Gonzl̀ez Clapham
|
| 256 |
|
|
|a Servicio en ln̕ea
|
| 260 |
|
|
|a Madrid:
|b Dykinson,
|c 2020
|
| 300 |
|
|
|a 1 recurso electrn̤ico
|
| 500 |
|
|
|a Cuba, Puerto Rico y Filipinas en la Revista General de Legislacin̤ y Jurisprudencia y su Boletn̕ (1853-1899) Fundada en 1853, la Revista General de Legislacin̤ y Jurisprudencia se convertira̕, en pocos aǫs, en una de las tribunas ms̀ relevantes de la ciencia jurd̕ica espaǫla. Su brillo y trascendencia, ampliamente reconocidos, se debera̕n -en gran medida- a la concurrencia, en sus pg̀inas y en su direccin̤, de los juristas ms̀ destacados del Diecinueve espaǫl. ¿Qu ̌lugar reserv ̤aquella importante publicacin̤ para la Espaą no europea? ¿Recibieron aquellos territorios -y el particular rǧimen jurd̕ico all ̕vigente-, atencin̤ por parte de sus colaboradores? ¿Participaron en su redaccin̤ juristas procedentes de Ultramar? El presente libro intenta atender a estas y otras interrogantes, partiendo de la indexacin̤ y lectura crt̕ica de todo lo tocante a Ultramar que contiene la coleccin̤ decimonn̤ica, no sl̤o de la propia Revista General, sino tambiň de su (a menudo relegado) Boletn̕. Sobre dicho universo -que constituye todo lo que receptara̕ el suscriptor de la p̌oca-, y concatenando los ml︢tiples contenidos de la Revista con la legislacin̤ procedente del Boletn̕, este libro se detiene, entre otros asuntos, en los colaboradores, la bibliografa̕ y hemerografa̕ de Ultramar; en el rǧimen de la especialidad de la legislacin̤ all ̕instituido por la Constitucin̤ de 1837, y en sus efectos, prestando especial atencin̤ al anl̀isis de acreditados juristas sobre la extensin̤ de algunas de las normas de gran calado (como la Ley de Enjuiciamiento Civil, el Cd̤igo Penal y Ley Hipotecaria) promulgadas a lo largo de la segunda mitad del S. XIX. Todo ello esboza una representacin̤ de la andadura de las Antillas espaǫlas, las Filipinas y las posesiones africanas, trazada desde la revista jurd̕ica ms̀ importante de la p̌oca.
|
| 506 |
1 |
|
|a Disponible solo en los productos indicados
|d vLex Global
|d vLex Global (Academic Edition, excluding Law Schools)
|d vLex Global (U.S. Academic Edition, Law Schools)
|d vLex Global (U.S. Academic Edition, excluding Law Schools)
|d vLex Global (Academic Edition, Law Schools)
|
| 650 |
0 |
4 |
|a Derecho Militar
|z Espaą
|
| 740 |
0 |
|
|a vLex Libros (Servicio en ln̕ea)
|
| 856 |
4 |
0 |
|u http://vlex.com/source/provincias-de-ultramar-en-la-prensa-juridica-espa-ola-32246
|z Acceso restringido
|
| 942 |
|
|
|c BOOK
|
| 999 |
0 |
|
|a Military Law
|